The Czech Republic as an EU Candidate

Titel: The Czech Republic as an EU Candidate : Strengths and Weaknesses
Verfasser:
In: ˜Theœ Czech and Slovak republics, (2003), Seite 87-97
alle Artikel anzeigen
Veröffentlicht: 2003
Format: Aufsatz
Sprache: Englisch
Kein Bild verfügbar
X
alg: 39169365
001A    $01999:11-11-16 
001B    $01999:25-04-21 $t10:54:00.000 
001D    $01999:11-11-16 
001U    $0utf8 
001X    $00 
002@    $0Aox 
003@    $0391693654 
007A    $0391693654 $aHEB 
007T    $0Herd81366 
010@    $aeng 
011@    $a2003 
021A    $aThe @Czech Republic as an EU Candidate $dStrengths and Weaknesses 
028A    $aLeigh $dMichael 
031A    $h87-97 $j2003 
039B    $aIn $8--AFu--. The @road to the European Union ; 1. The @Czech and Slovak republics. - Manchester {[u.a.] : Manchester Univ. Press {[u.a.], 2003. - VI, 294 S.. - ISBN 0-7190-6597-6 $x200300000000000913 $9110010264 
045F    $a330.094371 $eDDC23BSB 
045F/01 $a330.09 
045F/03 $g4371 

lok: 39169365 78

exp: 39169365 78 1 #EPN
201B/01 $026-11-17 $t00:49:32.000 
201U/01 $0utf8 
203@/01 $078778835X 
208@/01 $a11-11-16 $be 
209A/01 $a/ $f000 $x00 
220C/01 $aTitelaufnehmer: cs 
244Z/01 $#Tschechien $#Tschechische Republik $#Tschechische Republik $#Tschechenland $#Tschechei Tschechien $#Česká Republika $#Czech Republic $#ČR $74303381-7 $8--Tg1--Tschechien $x01 $9086659812 
244Z/01 $2Trx $#Böhmen $#Bohemia $#Czechy $8--Trx--Čechy $x02 $9391188941 
244Z/01 $aGeschichte 1992-2002 $x03 
244Z/01 $2Trx $#Euroopa liit 1993- $#Europos Sąjunga 1993- $#European Union 1993- $#Európai Unió 1993- $#Unia Europejska 1993- $#Európska únia 1993- $#Evropská unie 1993- $8--Trx--Europäische Union$g1993- $x04 $9391354035 
244Z/01 $2Trx $#integratsioonipoliitika, Euroopa $#Europos integracijos politika $#European integration $#integráció politika, európai $#polityka narodowościowa, europejska $#politika integračná európska $#politika integrační evropská $#Osterweiterung, europäische $#Europäisierung $#policy of integration, European $8--Trx--Integrationspolitik, europäische $x05 $9391382152 
244Z/01 $2Trx $#transformatsioon 1989- $#transformacijos 1989- $#transformation 1989- $#átalakítás 1989- $#transformacje ustrojowe 1989- $#transformácia 1989- $#transformace 1989- $8--Trx--Transformation$g1989- $x06 $9391366122 
244Z/01 $2Trx $8--Trx--Einzelbeiträge $x07 $9391384570 
245Z/01 $a09.01 $x01 
247C/01 $82080>Marburg/Lahn, Herder-Institut, Forschungsbibliothek, Bibliographieportal $9336309341
LEADER 00000caa a22000002c 4500
001 391693654
003 DE-603
005 20210425105400.0
007 tu
008 161111s2003 xx |||| | u00||u|eng c
035 |a (DE-599)HEB391693654 
040 |a DE-603  |b ger  |c DE-603  |d DE-603 
041 |a eng 
082 0 4 |8 1\u  |a 330.094371  |q DE-101  |2 23/BSB 
085 |8 1\u  |b 330.09 
085 |8 1\u  |z 2  |s 4371 
100 1 |a Leigh, Michael 
245 0 0 |a ˜Theœ Czech Republic as an EU Candidate  |b Strengths and Weaknesses 
264 0 |c 2003 
773 0 8 |i In  |t ˜Theœ Czech and Slovak republics  |d Manchester ˜[u.a.] œ: Manchester Univ. Press ˜[u.a.], œ2003  |h VI, 294 S.  |z 0719065976  |g (2003), Seite 87-97  |w (DE-603)110010264 
924 0 |9 2080  |a (DE-603)78778835X  |b DE-2080  |c HES  |d d  |g /